Petra v Jeffrey Rogers (Record no. 63807)
[ view plain ]
| 000 -LEADER | |
|---|---|
| fixed length control field | 00734cam a2200169 4500 |
| 001 - CONTROL NUMBER | |
| control field | X106523 |
| 008 - FIXED-LENGTH DATA ELEMENTS--GENERAL INFORMATION | |
| fixed length control field | 000000n2000 000 0 eng u |
| 035 ## - SYSTEM CONTROL NUMBER | |
| System control number | (Sirsi) u106523 |
| 245 ## - TITLE STATEMENT | |
| Title | Petra v Jeffrey Rogers |
| 260 ## - PUBLICATION, DISTRIBUTION, ETC. | |
| Date of publication, distribution, etc. | 2000 |
| 490 ## - SERIES STATEMENT | |
| Series statement | New Property Cases |
| Volume/sequential designation | [2000] NPC 61 (01/06/2000) |
| 520 ## - SUMMARY, ETC. | |
| Summary, etc. | ChD 23 May 2000. The failure of a landlord to attract and hold speciality tenants to a speciality development and their replacement by a Virgin Megastore is relied on as a derogation from grant by a remaining tenant to no avail. HEADNOTE FROM JOURNAL - NOT TO BE PHOTOCOPIED. |
| 650 ## - SUBJECT ADDED ENTRY--TOPICAL TERM | |
| Topical term or geographic name entry element | PETRA V JEFFREY ROGERS |
| 650 ## - SUBJECT ADDED ENTRY--TOPICAL TERM | |
| Topical term or geographic name entry element | DEROGATION FROM GRANT |
| 690 ## - LOCAL SUBJECT ADDED ENTRY--TOPICAL TERM (OCLC, RLIN) | |
| Topical term or geographic name as entry element | LANDLORD AND TENANT-CASE LAW-BUSINESS TENANCIES |
| 942 ## - ADDED ENTRY ELEMENTS (KOHA) | |
| Suppress in OPAC | 0 |
| Withdrawn status | Lost status | Source of classification or shelving scheme | Damaged status | Not for loan | Home library | Current library | Shelving location | Date acquired | Total Checkouts | Full call number | Barcode | Date last seen | Copy number | Price effective from | Koha item type |
|---|---|---|---|---|---|---|---|---|---|---|---|---|---|---|---|
| Dewey Decimal Classification | London | London | Journal article | 16/06/2000 | X106523 | 106523-1001 | 06/08/2019 | 1 | 06/08/2019 | Law report |